| 000 | 00843nam a2200193 4500 | ||
|---|---|---|---|
| 001 | 160219 | ||
| 003 | ES-MaACL | ||
| 005 | 20250808091330.0 | ||
| 008 | 950308s1863 sp |||| | spa d | ||
| 040 |
_aEUS _bspa _cEUS |
||
| 100 | 1 |
_aMoret, Segismundo, _d1833-1913 _9162747 |
|
| 245 | 1 | 3 |
_aLa familia foral y la familia castellana _b: memoria premiada por la Academia Matritense de Jurisprudencia y Legislación, en el concurso abierto en 20 de junio de 1862 / _cescrita por Segismundo Moret y Prendesgast y Luis Silvela. |
| 260 |
_aMadrid : _bImprenta y Librería de la Señora Viuda e Hijos de José Cuesta, _c1863. |
||
| 300 |
_a215 p., [1] h. ; _c25 cm. |
||
| 650 | 7 |
_aDerecho de familia _2embne _9138849 |
|
| 700 | 1 |
_aSilvela, Luis, _d1841-1903 _9176140 |
|
| 852 |
_aES-MaACL _jC-3166 _z-- Enc. hol. |
||
| 999 |
_c160219 _d160219 |
||